| 000 | 00954nam a2200253Ia 4500 | ||
|---|---|---|---|
| 003 | OSt | ||
| 005 | 20220923211620.0 | ||
| 006 | a|||||r|||| 00| 0 | ||
| 007 | ta | ||
| 008 | 220922b |||||||| |||| 00| 0 san d | ||
| 024 | _a10,140 | ||
| 037 | _cTextual | ||
| 040 |
_aARTS _cARTS _bsan |
||
| 041 |
_2san _asan |
||
| 082 | _aQ2:23, 15K9;M5 | ||
| 100 | _aशंकरा | ||
| 245 | 0 | _aगायत्री तन्त्रम् हिन्दी व्याख् शिवदत्त मिश्र एवं संपाव तारकनाथ भट्ट | |
| 246 | _aGāyatrī tantram hindī vyākh shivadatta mishra evan sanpāv tārakanāth bhaṭṭa | ||
| 260 |
_aवाराणसी _b चौखम्बा संस्कृत संस्थान _c1969 |
||
| 300 |
_a119पृ0 _ccm. |
||
| 650 | _aधर्म | ||
| 942 |
_hQ2:23, 15K9;M5 _cTEXL _2CC |
||
| 999 |
_c301470 _d301470 |
||